Electric railways in a united Europe : International conference: Amsterdam, Netherlands. 27.- 30. March 1995

Salvato in:
Dettagli Bibliografici
Natura: Libro
Lingua:inglese
Pubblicazione: London : Institution of Electrical Engineers, 1995
Serie:Conference publication 405
Soggetti:
Tags: Aggiungi Tag
Nessun Tag, puoi essere il primo ad aggiungerne!!

MARC

LEADER 00000nam a22000003a 4500
001 stu49643
005 20141122032228.1
008 990514s1995------------------------eng-d
020 |a 0-85296-631-8 
040 |a STU  |b slo 
041 0 |a eng 
080 |a 621.33 
080 |a 625.1 
080 |a 061.1(4-15)EU 
080 |a 653.2 
084 |a B8520  |2 INS 
084 |a C3360D  |2 INS  |7 stu_us_auth*stu6023 
084 |a C3370L  |2 INS 
245 |a Electric railways in a united Europe :  |b International conference: Amsterdam, Netherlands. 27.- 30. March 1995 
260 |a London :  |b Institution of Electrical Engineers,  |c 1995 
300 |a 220 s 
650 7 |a elektrická trakcia  |2 stusub 
650 7 |a signalizácia  |2 stusub 
650 7 |a zabezpečovacie systémy  |2 stusub 
650 7 |a železnice  |2 stusub 
650 7 |a elektrifikácia železníc  |2 stusub 
830 0 |a Conference publication  |v 405 
996 |b EIEE-129  |c E*IEE-129  |l EE01  |s A  |a 24  |w stu49643_0001